WINGS OF FIRE (Record no. 8867)
[ view plain ]
| 000 -LEADER | |
|---|---|
| fixed length control field | 00232nam a22001097a 4500 |
| 082 ## - DEWEY DECIMAL CLASSIFICATION NUMBER | |
| Classification number | 920 |
| Item number | APJ/W |
| 100 ## - MAIN ENTRY--AUTHOR NAME | |
| Personal name | APJ |
| 245 ## - TITLE STATEMENT | |
| Title | WINGS OF FIRE |
| 246 ## - VARYING FORM OF TITLE | |
| Title proper/short title | WINGS OF FIRE |
| Remainder of title | WINGS OF FIRE |
| 650 ## - SUBJECT ADDED ENTRY--TOPICAL TERM | |
| Topical Term | ENGLISH AUTOBIOGRAPHY |
| 942 ## - ADDED ENTRY ELEMENTS (KOHA) | |
| Koha item type | Books |
| Withdrawn status | Lost status | Collection code | Home library | Current library | Date acquired | Full call number | Accession Number | Koha item type |
|---|---|---|---|---|---|---|---|---|
| Lost | Non-fiction | Main Library | Main Library | 07/08/2024 | 920 APJ/W | 00888 | Books |